00593 2200145 4500001002100000008004100021035002000062245025800082100002200340300002300362084001600385082000800401650002400409990001400433INLIS000000000000180 ind  a0010-0525000161 aBuku Pintar Belajar Fisika untuk SMA/MA Kelas XIcRoslina Hidayati; Rita Diah Irawati; Wiwik Witaminah; Ellyst Rohela Siburian; Sri Dwi Astuty; Wis Yudo Abiantoro; Sujanti; Yuni Bintarawati; Kholifah; Dodik Eko Hariyanto; L. Eko Wibowo; Ichwatul Muzaida aHidayati, Roslina a204 hlm.c27.5 cm. a530 HID b-2 a530 aPendidikan - Fisika a000000190